[Event "Tata Steel-A 80th"]
[Site "Wijk aan Zee"]
[Date "2018.01.28"]
[Round "13"]
[White "Karjakin, Sergey"]
[Black "Carlsen, Magnus"]
[Result "1/2-1/2"]
[WhiteElo "2753"]
[BlackElo "2834"]
[Annotator "Fernandez,D"]
[PlyCount "67"]
[EventDate "2018.01.13"]
[EventType "tourn"]
[EventRounds "13"]
[EventCountry "NED"]
[EventCategory "20"]
[SourceTitle "CBM 183"]
[Source "ChessBase"]
[SourceDate "2018.03.14"]
[SourceVersion "1"]
[SourceVersionDate "2018.03.14"]
[SourceQuality "1"]
[TimeControl "40/6000+30:20/3000+30:900+30"]

1. e4 {[%emt 0:00:00]} e5 {[%emt 0:00:10]} 2. Nf3 {[%emt 0:00:00]} Nc6 {
[%emt 0:00:04]} 3. Bb5 {[%emt 0:00:00]} a6 {[%emt 0:00:19]} 4. Ba4 {[%emt 0:00:
00]} Nf6 {[%emt 0:00:05]} 5. O-O {[%emt 0:00:00]} Be7 {[%emt 0:00:08]} 6. Re1 {
[%emt 0:00:00]} b5 {[%emt 0:00:10]} 7. Bb3 {[%emt 0:00:02]} O-O {[%emt 0:00:06]
} 8. a4 {[%emt 0:00:07] No Breyer today.} b4 {[%emt 0:00:05]} (8... Bb7 {
is more popular, but I have never understood the appeal of developing the
bishop to a diagonal that will remain closed, in the case when the Breyeresque
...c5-c4 is still some moves off.} 9. d3 d6 10. Nc3 {is White's point; Black's
queenside pawns will not be permitted to advance abreast. The best he might be
able to do is} Na5 11. Ba2 b4 12. Ne2 c5 13. Ng3 g6 (13... Bc8 14. c3 Rb8 15.
d4 $36 {Duda,J-Najer,E Czech Republic 2017}) 14. h3 {when White appears to
have extra tempi in his kingside attack, compared to most systems with an
early d3.}) (8... Rb8 {is slightly compliant: after} 9. axb5 axb5 10. c3 d6 11.
d4 {Black lacks the usual recourse of ...Na5 in the line} exd4 12. cxd4 Bg4 13.
Be3 {so might have to make do with} d5 14. e5 Ne4 15. h3 Bh5 16. Nc3 $36 {
; furthermore, 13.Nc3!? might be unexpectedly strong in spite of the doubled
f-pawns.}) 9. d4 {[%emt 0:01:17]} (9. a5 d6 10. d3 Be6 11. Bxe6 fxe6 12. Nbd2 {
led to a nice win for Magnus himself in Carlsen,M-Aronian,L Saint Louis 2017;
one wonders where the improvement was?}) (9. d3 d6 10. Nbd2 Na5 11. Ba2 c5 12.
c3 Rb8 {is now fine for Black, who has not wasted time on ...Bb7 unlike in the
8...Bb7 line.}) 9... d6 {[%emt 0:00:07]} 10. dxe5 {[%emt 0:00:05]} Nxe5 {
[%emt 0:00:08]} 11. Nxe5 {[%emt 0:05:48]} (11. Nbd2 Ned7 $5 {was an unusual
method of pressuring e4, but a successful one:} 12. Nd4 Bb7 13. c3 bxc3 14.
bxc3 Nc5 15. Bc2 Re8 16. f3 Nfd7 17. a5 d5 $11 {Nakamura, H-Svidler,P Saint
Louis 2017}) 11... dxe5 {[%emt 0:00:06]} 12. Qe2 {[%emt 0:00:04]} a5 {[%emt 0:
00:49] Possibly still affected by his own experience on the White side,
Carlsen decides to avoid White's a5-ideas.} (12... Bc5 {is of course fine
immediately.}) 13. Nd2 {[%emt 0:10:03]} Bc5 {[%emt 0:01:05]} 14. Nf3 {[%emt 0:
06:46]} Qe7 {[%emt 0:02:23]} 15. Be3 {[%emt 0:12:57]} Ba6 {[%emt 0:19:41]} 16.
Bxc5 {[%emt 0:02:31]} Qxc5 {[%emt 0:00:04]} 17. Qe3 {[%emt 0:00:04]} Qxe3 {
[%emt 0:00:52]} 18. Rxe3 {[%emt 0:00:01]} Rfe8 $11 {[%emt 0:02:35] Initially
this position looked to me to be slightly nicer for White, but this isn't
really the case. In fact, Black may have more ideas in the position, and in
the long term has the better bishop, so it would not surprise me if he was
vaguely thinking about winning here.} 19. c3 {[%emt 0:02:40]} (19. h3 c5 20.
Rd1 c4 21. Ba2 Kf8 $132 {is hard to get enthused about from the White side,
especially if we remember Adhiban-Carlsen from round 2.}) 19... Ng4 {[%emt 0:
01:23]} 20. Ng5 {[%emt 0:06:14] Simplifying quickly lest he end up worse.} Nxe3
{[%emt 0:02:28]} 21. Bxf7+ {[%emt 0:00:14]} Kf8 {[%emt 0:00:06]} 22. Bxe8 {
[%emt 0:00:43]} Rxe8 {[%emt 0:01:06]} 23. fxe3 {[%emt 0:00:07]} bxc3 {[%emt 0:
01:57]} 24. bxc3 {[%emt 0:00:09]} h6 {[%emt 0:00:20]} 25. Nf3 {[%emt 0:00:55]}
Bd3 {[%emt 0:01:30]} 26. Rd1 {[%emt 0:01:54]} Bxe4 {[%emt 0:00:07]} 27. Rd7 {
[%emt 0:00:11] Continuing to force pieces off, because if White plays slowly
the bishop will be superior.} Re7 {[%emt 0:03:06]} 28. Rd8+ {[%emt 0:00:23]} (
28. Rxe7 Kxe7 29. Nxe5 Ke6 30. Nc4 Kd5 31. Nxa5 Bc2 {leads to an odd position
where White is a pawn up but only he is taking risks.}) 28... Kf7 {[%emt 0:00:
43]} 29. Nd2 {[%emt 0:00:41]} Bc6 {[%emt 0:00:19]} 30. Nc4 {[%emt 0:00:38]} Ke6
{[%emt 0:01:41]} 31. Nxa5 {[%emt 0:02:20]} Bxa4 {[%emt 0:00:07]} 32. Nb7 {
[%emt 0:00:59]} Re8 {[%emt 0:03:30]} (32... Bd7 {might be a try if Black is
desperate to play on.} 33. e4 (33. Nc5+ Kd6 34. Ne4+ Kc6 35. Kf2 Be8 $132)
33... Rf7 34. Nc5+ Kd6 35. Nd3 c5 $132 {Objectively this might be nothing for
Black, and so there is no reason to go for it, especially if one has looked at
Anish Giri's game and concluded he is unlikely to win.}) 33. Nc5+ {[%emt 0:00:
14]} Kf6 {[%emt 0:00:28]} 34. Rxe8 $11 {[%emt 0:01:04] Unlike the previous
note, here White gets to play Na6 immediately, and thus seal up the whole
position.} 1/2-1/2

[Event "Tata Steel-A 80th"]
[Site "Wijk aan Zee"]
[Date "2018.01.28"]
[Round "13"]
[White "Mamedyarov, Shakhriyar"]
[Black "Anand, Viswanathan"]
[Result "1/2-1/2"]
[WhiteElo "2804"]
[BlackElo "2767"]
[Annotator "Fernandez,D"]
[PlyCount "132"]
[EventDate "2018.01.13"]
[EventType "tourn"]
[EventRounds "13"]
[EventCountry "NED"]
[EventCategory "20"]
[SourceTitle "CBM 183"]
[Source "ChessBase"]
[SourceDate "2018.03.14"]
[SourceVersion "1"]
[SourceVersionDate "2018.03.14"]
[SourceQuality "1"]
[TimeControl "40/6000+30:20/3000+30:900+30"]

1. d4 {[%emt 0:00:00]} Nf6 {[%emt 0:00:07]} 2. c4 {[%emt 0:00:00]} e6 {[%emt 0:
00:05]} 3. Nf3 {[%emt 0:00:00]} d5 {[%emt 0:00:08]} 4. Nc3 {[%emt 0:00:00]} Be7
{[%emt 0:00:07]} 5. Bf4 {[%emt 0:00:11]} O-O {[%emt 0:00:09]} 6. e3 {[%emt 0:
00:06]} c5 {[%emt 0:00:06] Black is fine to take a bit of risk, knowing that
White will probably not want to do the same.} 7. dxc5 {[%emt 0:00:07]} Bxc5 {
[%emt 0:00:08]} 8. Qc2 {[%emt 0:00:06]} Nc6 {[%emt 0:00:22]} 9. Rd1 {[%emt 0:
00:10]} (9. a3 {is slightly more popular.} Qa5 10. O-O-O (10. Ra2 $5 {was the
move chosen in a recent, random game.} Be7 11. b4 Qd8 12. h3 b6 (12... d4 $1
$11) 13. cxd5 exd5 14. Be2 Be6 15. Ng5 Rc8 $6 16. Nxe6 fxe6 17. Ba6 $14 {
Topalov,V-Nakamura,H Saint Louis 2017}) (10. Nd2 Bb4 $5 11. cxd5 exd5 12. Nb3
Bxc3+ 13. bxc3 Qd8 $132 {Topalov,V-Nakamura,H Paris 2017, could have been a
decent try for an edge, notwithstanding that it ultimately failed}) 10... Ne4
$5 11. Nb5 (11. Nxe4 {leads to a long forced line:} dxe4 12. Qxe4 Bxa3 13. bxa3
Qxa3+ 14. Kd2 Rd8+ 15. Ke2 Qb2+ 16. Rd2 Rxd2+ 17. Nxd2 e5 18. Bg3 Bg4+ $3 19.
f3 (19. Qxg4 Rd8 20. Kf3 Qxd2 21. Bh4 f5 22. Qg5 Rd4 $1 $11 {with perpetual
check soon}) 19... Rd8 20. Be1 Bh5 $13 {The mess continues, and White has a
few moves now, but I don't think there will be any way found for him to keep
an edge.}) 11... a6 12. Nc7 e5 $1 {Not a new idea from Karjakin, merely an old
one which had been forgotten.} 13. Rxd5 $1 (13. Nxd5 Nxf2 $1 (13... exf4 14.
Qxe4 fxe3 15. fxe3 h6 16. Nd4 $16 {Ivanchuk,V-Karjakin, S Medias 2017}) 14. Ng5
$1 (14. Qxf2 exf4 15. Nxf4 b5 $40) 14... Bf5 $1 15. Qxf2 (15. Qxf5 g6 $17)
15... f6 16. Nh3 exf4 17. Nhxf4 Ne5 $44 {Black has full compensation for the
pawn.}) 13... exf4 (13... Nxf2 14. Qxf2 Qxc7 15. Nxe5 Nxe5 16. Bxe5 Qc6 17. Bd4
$1 $14) (13... f5 $2 14. Rxe5 Nxe5 15. Bxe5 Ra7 16. Nd5 $16 {Kasparov,
G-Vaganian,R Debrecen 1992}) 14. Qxe4 Qxc7 15. Rxc5 fxe3 16. Bd3 $5 (16. Qxe3
b6 17. Rh5 Bg4 18. Rg5 Rfe8 $1 $11) 16... g6 17. Qxe3 b6 18. Rg5 (18. Rh5 Bg4
19. Rh4 Bxf3 20. gxf3 Ne5 $132) 18... Na5 $13 {From a brief investigation it
doesn't seem like White has a convincing follow-up here, though there are, as
usual, many complicated lines ending in perpetual check.}) 9... Qa5 {[%emt 0:
00:30]} 10. a3 {[%emt 0:00:12]} Re8 {[%emt 0:00:34] Treading another of the
hallowed paths of chess history.} (10... Be7 {is more common now, and then} 11.
Be2 {has a huge score for White; indeed I suspect White is probably slightly
better following} Ne4 12. cxd5 Nxc3 13. bxc3 exd5 14. O-O Be6 15. a4 $14 {
Mamedyarov,S-Graf,A Sant Lluis 2005, played by the same White player as the
present encounter.}) 11. Nd2 {[%emt 0:00:31]} (11. Be2 e5 $15 {is the point.})
11... e5 {[%emt 0:01:32]} 12. Bg5 {[%emt 0:00:12]} Nd4 {[%emt 0:00:42]} 13. Qb1
{[%emt 0:00:10]} (13. Qc1 Bf5 {is liable to lead to a forced draw; two of the
world's top players chose this route recently.} 14. Bxf6 Nc2+ 15. Ke2 Nd4+ $11
{Carlsen,M-Nakamura,H Douglas 2017} (15... gxf6 $6 {gets neutralised
effortlessly:} 16. Nxd5 Qa6 17. g4 $1 Bg6 18. Bg2 $16)) 13... Bf5 {[%emt 0:00:
32]} 14. Bd3 {[%emt 0:00:15]} Bxd3 {[%emt 0:00:24]} (14... e4 $6 {is well met
by} 15. Bf1 $1 {giving up a queen for three pieces.} (15. Bc2 {was
nevertheless enough for a slight edge in one of the classics.} Nxc2+ 16. Qxc2
Qa6 17. Bxf6 Qxf6 18. Nb3 $14 {Kortschnoj,V-Karpov,A Baguio City 1978}) 15...
Ng4 16. cxd5 $1 Ne5 17. exd4 Nf3+ 18. gxf3 exf3+ 19. Be3 Bxb1 20. Nc4 $1 Qc7
21. dxc5 $16) 15. Qxd3 {[%emt 0:00:05]} Ne4 {[%emt 0:00:13]} 16. Ndxe4 {
[%emt 0:00:07] Maybe not the most precise, but safe enough.} (16. cxd5 Nxc3 17.
Qxc3 Qxc3 18. bxc3 Nc2+ 19. Ke2 f6 20. Bh4 Nxa3 21. Ne4 Rac8 $11) (16. Ncxe4
dxe4 17. Qxe4 $14 {seems to me to get an advantage.}) 16... dxe4 {[%emt 0:00:
47]} 17. Qd2 {[%emt 0:00:05]} Ne6 {[%emt 0:05:12]} 18. Bh4 {[%emt 0:00:45]} (
18. Nxe4 Qxd2+ 19. Rxd2 f5 20. Nxc5 Nxc5 $13 {leads to an imbalance and likely
quite a good one for Black, who is likely to recover the c4-pawn quite soon.})
18... Qa6 {[%emt 0:09:59]} 19. Qe2 {[%emt 0:00:13]} Rac8 {[%emt 0:07:46]} 20.
O-O {[%emt 0:00:21]} Bf8 {[%emt 0:05:53]} 21. Qg4 {[%emt 0:00:10]} Qxc4 {
[%emt 0:17:32]} (21... Rxc4 $11 {equalised more reliably.}) 22. Nxe4 {[%emt 0:
00:27]} Kh8 {[%emt 0:00:14]} 23. h3 {[%emt 0:00:04]} Nc5 {[%emt 0:06:46]} 24.
Nxc5 {[%emt 0:00:38]} Qxg4 {[%emt 0:01:35]} 25. hxg4 {[%emt 0:00:10]} Rxc5 {
[%emt 0:00:22]} 26. Rd7 {[%emt 0:00:14] Now White could potentially have a
small something again.} Rb5 {[%emt 0:00:40]} 27. b4 {[%emt 0:00:50]} f6 {
[%emt 0:00:28]} 28. g5 {[%emt 0:04:10]} fxg5 {[%emt 0:04:10]} 29. Bxg5 {
[%emt 0:00:09]} a5 {[%emt 0:01:36]} 30. Rfd1 {[%emt 0:00:12]} Kg8 {[%emt 0:05:
05]} 31. Bd8 {[%emt 0:00:21]} axb4 {[%emt 0:00:15]} 32. a4 {[%emt 0:00:08]} Rc5
{[%emt 0:00:09]} 33. Rxb7 {[%emt 0:00:05]} Rc8 {[%emt 0:01:14]} 34. Ba5 {
[%emt 0:00:22]} Rc4 {[%emt 0:05:26]} 35. Rd5 {[%emt 0:12:43]} b3 {[%emt 0:06:
35]} (35... Re6 $11 {is a hard move to make perhaps, but it gets Black some
badly needed counterplay. For instance:} 36. Rb8 Rc1+ 37. Kh2 Rh6+ 38. Kg3 Rg6+
39. Kf3 Rf6+ 40. Ke4 Rxf2 41. Kxe5 Rc4 $132) 36. Rxb3 {[%emt 0:00:19]} Rxa4 {
[%emt 0:00:16]} 37. Bc3 {[%emt 0:01:15]} e4 {[%emt 0:00:27]} 38. Rb7 {[%emt 0:
00:19]} Ra6 {[%emt 0:02:04]} 39. Rdd7 $14 {[%emt 0:06:17] The position looks
threatening, but it is not clear to me how White makes progress, and
apparently it was not clear to Mamedyarov either. There are little things to
try, but they end up being neutralised.} Rg6 {[%emt 0:00:17]} 40. g3 {[%emt 0:
00:00]} Rc8 {[%emt 0:01:48]} 41. Bd4 {[%emt 0:02:22]} Re8 {[%emt 0:00:22]} 42.
Kg2 {[%emt 0:00:14]} Rc8 {[%emt 0:03:12]} 43. Kh3 {[%emt 0:01:03]} Re8 {
[%emt 0:04:40]} 44. Rf7 {[%emt 0:01:41]} Rc8 {[%emt 0:04:07]} 45. Rf4 {[%emt 0:
05:45]} Re8 {[%emt 0:00:05]} 46. Bc3 {[%emt 0:02:00]} (46. Rg4 Rxg4 47. Kxg4 g6
{is still very passive for Black, but this is probably a draw even without the
rooks and e-pawn.}) 46... Rge6 {[%emt 0:07:24]} 47. Rff7 {[%emt 0:03:13]} Rg6 {
[%emt 0:00:09]} 48. Rfc7 {[%emt 0:01:51]} Rd8 {[%emt 0:00:39]} 49. Kg2 {
[%emt 0:00:03]} Re8 {[%emt 0:00:13]} 50. Kf1 {[%emt 0:00:09]} Rd8 {[%emt 0:00:
33]} 51. Ke2 {[%emt 0:00:10]} Re8 {[%emt 0:00:42]} 52. Kd1 {[%emt 0:00:15]} Rg5
{[%emt 0:00:46]} 53. Kc2 {[%emt 0:02:08]} Rf5 {[%emt 0:03:59]} 54. Bxg7 {
[%emt 0:00:27]} Bd6 {[%emt 0:02:26]} 55. Rd7 {[%emt 0:00:52]} Rxf2+ {[%emt 0:
00:12]} 56. Kb3 {[%emt 0:00:29]} Bxg3 {[%emt 0:00:43]} 57. Bd4 {[%emt 0:00:34]}
Be5 {[%emt 0:00:08]} 58. Bxe5 {[%emt 0:01:56]} Rxe5 {[%emt 0:00:08] Soon White
will run out of little things to try and the +/= will collapse to =.} 59. Rg7+
{[%emt 0:00:05]} Kf8 {[%emt 0:00:11]} 60. Rxh7 {[%emt 0:00:00]} Kg8 {[%emt 0:
00:05]} 61. Kc4 {[%emt 0:00:19]} Rg2 {[%emt 0:00:27]} 62. Rhe7 {[%emt 0:00:36]}
Rxe7 {[%emt 0:00:08]} 63. Rxe7 {[%emt 0:00:02]} Kf8 {[%emt 0:00:16]} 64. Rxe4 {
[%emt 0:00:03]} Rg5 {[%emt 0:00:08]} 65. Kd4 {[%emt 0:00:05]} Kf7 {[%emt 0:00:
05]} 66. Re5 {[%emt 0:00:04]} Rg1 {[%emt 0:00:07]} 1/2-1/2

[Event "Tata Steel-A 80th"]
[Site "Wijk aan Zee"]
[Date "2018.01.28"]
[Round "13"]
[White "Matlakov, Maxim"]
[Black "Jones, Gawain C B"]
[Result "1/2-1/2"]
[WhiteElo "2718"]
[BlackElo "2640"]
[PlyCount "115"]
[EventDate "2018.01.13"]
[EventType "tourn"]
[EventRounds "13"]
[EventCountry "NED"]
[EventCategory "20"]
[SourceTitle "CBM 183"]
[Source "ChessBase"]
[SourceDate "2018.03.14"]
[SourceVersion "1"]
[SourceVersionDate "2018.03.14"]
[SourceQuality "1"]
[TimeControl "40/6000+30:20/3000+30:900+30"]

1. d4 {[%emt 0:00:00]} Nf6 {[%emt 0:00:24]} 2. Nf3 {[%emt 0:00:00]} g6 {
[%emt 0:00:08]} 3. g3 {[%emt 0:00:10]} Bg7 {[%emt 0:00:08]} 4. Bg2 {[%emt 0:00:
10]} O-O {[%emt 0:00:09]} 5. O-O {[%emt 0:00:48]} d6 {[%emt 0:00:40]} 6. c4 {
[%emt 0:00:10]} c5 {[%emt 0:00:07]} 7. Nc3 {[%emt 0:00:40]} Nc6 {[%emt 0:00:21]
} 8. dxc5 {[%emt 0:00:31]} dxc5 {[%emt 0:00:08]} 9. Bf4 {[%emt 0:00:08]} Nd4 {
[%emt 0:01:07]} 10. Re1 {[%emt 0:00:21]} Re8 {[%emt 0:17:36]} 11. Rc1 {[%emt 0:
09:58]} Ng4 {[%emt 0:18:20]} 12. h3 {[%emt 0:08:17]} e5 {[%emt 0:00:35]} 13.
Bg5 Nxf3+ 14. exf3 {[%emt 0:01:30]} Qxg5 {[%emt 0:11:55]} 15. fxg4 Qe7 {
[%emt 0:05:15]} 16. Qa4 {[%emt 0:14:03]} Bd7 {[%emt 0:07:11]} 17. Qa3 {[%emt 0:
04:54]} Bc6 {[%emt 0:01:49]} 18. Nd5 {[%emt 0:15:41]} Bxd5 {[%emt 0:02:03]} 19.
cxd5 {[%emt 0:02:04]} Bf8 {[%emt 0:01:19]} 20. d6 {[%emt 0:02:08]} Qxd6 {
[%emt 0:00:45]} 21. Bxb7 {[%emt 0:11:15]} Rab8 {[%emt 0:11:39]} 22. Be4 {
[%emt 0:08:18]} Red8 {[%emt 0:03:13]} 23. Rc2 {[%emt 0:04:00]} Rb4 {[%emt 0:01:
57]} 24. Qf3 {[%emt 0:00:42]} Rd4 {[%emt 0:06:57]} 25. Kg2 a5 26. h4 {[%emt 0:
02:22]} a4 {[%emt 0:01:45]} 27. Re3 {[%emt 0:01:37]} Qa6 {[%emt 0:03:17]} 28.
g5 {[%emt 0:03:16]} Rd1 {[%emt 0:01:28]} 29. Rce2 {[%emt 0:02:03]} Qc4 {
[%emt 0:01:52]} 30. b3 {[%emt 0:05:15]} Qc1 {[%emt 0:01:58]} 31. Kh2 {[%emt 0:
03:24]} axb3 {[%emt 0:04:14]} 32. Rxb3 {[%emt 0:00:34]} c4 {[%emt 0:02:50]} 33.
Rb7 {[%emt 0:05:37]} R1d7 {[%emt 0:00:08]} 34. Reb2 {[%emt 0:05:03]} Qd1 {
[%emt 0:01:00]} 35. Rxd7 {[%emt 0:01:11]} Rxd7 {[%emt 0:00:33]} 36. Qf6 {
[%emt 0:00:46]} Qe1 {[%emt 0:03:01]} 37. Qf3 {[%emt 0:00:42]} c3 {[%emt 0:01:
11]} 38. Re2 {[%emt 0:00:10]} Qd1 {[%emt 0:00:55]} 39. Bc2 {[%emt 0:00:14]} Qd4
{[%emt 0:00:53]} 40. Bb3 {[%emt 0:00:00]} Rc7 {[%emt 0:00:38]} 41. Kg2 {
[%emt 0:10:35]} Qd7 {[%emt 0:04:37]} 42. Bc2 {[%emt 0:01:46]} Rc5 {[%emt 0:07:
16]} 43. Re3 {[%emt 0:02:37]} Qc7 {[%emt 0:01:17]} 44. Qe4 {[%emt 0:02:30]} Qa7
{[%emt 0:07:41]} 45. Bb3 {[%emt 0:02:14]} Rc7 {[%emt 0:01:16]} 46. h5 {[%emt 0:
06:31]} Qd4 {[%emt 0:01:13]} 47. Qc2 {[%emt 0:00:21]} Kg7 {[%emt 0:07:42]} 48.
Qe2 {[%emt 0:04:28]} Qc5 {[%emt 0:03:25]} 49. Bc2 {[%emt 0:07:43]} Qd5+ {
[%emt 0:03:21]} 50. Kh2 {[%emt 0:00:43]} e4 {[%emt 0:01:45]} 51. Qg4 {[%emt 0:
02:54]} Rc5 {[%emt 0:04:21]} 52. h6+ {[%emt 0:09:09]} Kg8 {[%emt 0:00:10]} 53.
Rxe4 {[%emt 0:00:41]} Qxg5 {[%emt 0:02:09]} 54. Qxg5 {[%emt 0:00:10]} Rxg5 {
[%emt 0:00:05]} 55. Re8 {[%emt 0:00:28]} Rh5+ {[%emt 0:00:21]} 56. Kg2 {
[%emt 0:00:04]} Rxh6 {[%emt 0:00:07]} 57. Rc8 {[%emt 0:00:54]} Rh5 {[%emt 0:00:
19]} 58. Rxc3 1/2-1/2